00548nam a2200193Ia 450000500170000000800410001704000190005804100120007708200130008910000230010224500620012525000210018726000340020830000120024244000330025465000360028765100210032385000100034420230113134350.0131103s9999 xx 000 0 und d aLoreto College aEnglish a818bFRA aFranklin, Bengamin 4aThe Autobiography of Benjamin FranklincBenjamin Franklin aArt Type Edition aNew YorkbBooks Incc[19 - ?] a240 p.  aThe World's Popular Classics aAmerican Miscellaneous Writings aAmerican Letters aLCLIB